|
|
|
|
| LEADER |
00000cam a2200000 7i4500 |
| 001 |
0000000210 |
| 005 |
20010528.0 |
| 020 |
0 |
0 |
|a 9679949273
|
| 090 |
0 |
0 |
|a 808.8809591
|b PLA 1989
|
| 245 |
0 |
0 |
|a PLANTING tales of joy and sorrow
|c editor, Roger Anton
|f illustrator, Teh Yew Kiang
|
| 260 |
0 |
0 |
|a [Kuala Lumpur] :
|b Incorporated Society of Planters ,
|c 1989
|
| 300 |
|
|
|a 64 p. :
|b ill. ;
|c 23 cm.
|
| 500 |
0 |
0 |
|a Cover title
|
| 650 |
0 |
0 |
|a Literature
|x Collections
|
| 650 |
0 |
0 |
|a Plantations
|x Literary collections
|
| 700 |
0 |
1 |
|a Anton
|h Roger
|
| 700 |
0 |
1 |
|a Teh
|h Yew Kiang
|
| 998 |
|
|
|a JPSM
|
| 999 |
|
|
|a 0000001064
|b Monograph
|c Open Shelf
|e Default branch
|